[Event "Niedersachsen-ch op-C"]
[Site "Verden an der Aller"]
[Date "2020.01.03"]
[Round "4"]
[White "Nuesken, Norbert"]
[Black "Wollscheid, Lukas"]
[Result "1/2-1/2"]
[WhiteElo "1335"]
[BlackElo "1111"]
[PlyCount "79"]
[EventDate "2020.01.02"]
[EventType "swiss"]
[EventRounds "7"]
[EventCountry "GER"]
[SourceTitle "EXT 2023"]
[Source "ChessBase"]
[SourceDate "2022.10.05"]
[SourceVersion "1"]
[SourceVersionDate "2022.10.05"]
[SourceQuality "1"]

1. e4 e5 2. Nf3 Nc6 3. d4 exd4 4. Nxd4 Bc5 5. Be3 d6 6. Nxc6 bxc6 7. Bxc5 dxc5 8. Qe2 Rb8 9. b3 Ne7 10. Nd2 0-0 11. Nc4 Ba6 12. Rd1 Qe8 13. Qf3 Ng6 14. Bd3 Rd8 15. 0-0 Rd7 16. Rfe1 Bxc4 17. Bxc4 Rxd1 18. Rxd1 Ne5 19. Qe2 Qe7 20. f4 Ng6 21. Qe3 Kh8 22. Be2 f5 23. e5 Rd8 24. g3 Qf8 25. Re1 Ne7 26. c4 Ng8 27. Bf3 Rd4 28. Rd1 Qd8 29. Rxd4 cxd4 30. Qd3 Qd7 31. Kf2 c5 32. Bd1 Nh6 33. h3 g6 34. a3 a5 35. Bf3 c6 36. Ke2 Kg7 37. Qd2 Kf7 38. Kd3 Qb7 39. Qb2 Ke6 40. Bd1 1/2-1/2